<?xml version="1.0" encoding="UTF-8"?>
<record
    xmlns:xsi="http://www.w3.org/2001/XMLSchema-instance"
    xsi:schemaLocation="http://www.loc.gov/MARC21/slim http://www.loc.gov/standards/marcxml/schema/MARC21slim.xsd"
    xmlns="http://www.loc.gov/MARC21/slim">

  <leader>00661nam a2200169Ia 4500</leader>
  <controlfield tag="008">090711s9999    xx            000 0 und d</controlfield>
  <datafield tag="082" ind1=" " ind2=" ">
    <subfield code="b">1780</subfield>
  </datafield>
  <datafield tag="100" ind1=" " ind2=" ">
    <subfield code="a">&#x926;&#x93F;&#x92C;&#x94D;&#x930;&#x93F;&#x91F;&#x94B; &#x92B;&#x94D;&#x930;&#x93E;&#x928;&#x94D;&#x938;&#x93F;&#x938; &#x92B;&#x93E;. (&#x938;&#x902;&#x92A;&#x93E;.)</subfield>
  </datafield>
  <datafield tag="245" ind1=" " ind2=" ">
    <subfield code="a">&#x92C;&#x902;&#x927; &#x930;&#x947;&#x936;&#x92E;&#x93E;S&#x94B;</subfield>
  </datafield>
  <datafield tag="260" ind1=" " ind2=" ">
    <subfield code="b">&#x91C;&#x940;&#x935;&#x928; &#x926;&#x930;&#x94D;&#x936;&#x928; &#x92A;&#x94D;&#x930;&#x915;&#x93E;&#x936;&#x928;</subfield>
    <subfield code="c">1995</subfield>
  </datafield>
  <datafield tag="300" ind1=" " ind2=" ">
    <subfield code="a">60</subfield>
  </datafield>
  <datafield tag="600" ind1=" " ind2=" ">
    <subfield code="a">&#x926;&#x93F;&#x92C;&#x94D;&#x930;&#x93F;&#x91F;&#x94B; &#x92B;&#x94D;&#x930;&#x93E;&#x928;&#x94D;&#x938;&#x93F;&#x938; &#x92B;&#x93E;. (&#x938;&#x902;&#x92A;&#x93E;.)</subfield>
  </datafield>
  <datafield tag="630" ind1=" " ind2=" ">
    <subfield code="a">&#x92C;&#x902;&#x927; &#x930;&#x947;&#x936;&#x92E;&#x93E;S&#x94B;</subfield>
  </datafield>
  <datafield tag="700" ind1=" " ind2=" ">
    <subfield code="a">&#x926;&#x93F;&#x92C;&#x94D;&#x930;&#x93F;&#x91F;&#x94B; &#x92B;&#x94D;&#x930;&#x93E;&#x928;&#x94D;&#x938;&#x93F;&#x938; &#x92B;&#x93E;. (&#x938;&#x902;&#x92A;&#x93E;.)</subfield>
  </datafield>
  <datafield tag="730" ind1=" " ind2=" ">
    <subfield code="a">&#x92C;&#x902;&#x927; &#x930;&#x947;&#x936;&#x92E;&#x93E;S&#x94B;</subfield>
  </datafield>
  <datafield tag="942" ind1=" " ind2=" ">
    <subfield code="c">BOOK</subfield>
  </datafield>
  <datafield tag="999" ind1=" " ind2=" ">
    <subfield code="c">336769</subfield>
    <subfield code="d">336769</subfield>
  </datafield>
</record>
